| 000 | 00618nam a2200157 a 4500 | ||
|---|---|---|---|
| 001 | 000047121 | ||
| 005 | 20240301141933.0 | ||
| 008 | 180417s2016 dr 000 spa d | ||
| 020 | _a9789945585179 | ||
| 040 |
_aDO-SdBNP _bspa _cBNPHU |
||
| 100 | 1 |
_aGermán M., Mariano, _d1946- _q(Germán Mejía) _99311 |
|
| 245 | 0 |
_aDiscurso pronunciado por el Dr. Mariano Germán Mejía :. : _bPresidente del Poder Judicial, en ocasión de la conmemoración del día del poder judicial, / _cMariano Germán Mejía. |
|
| 260 |
_aSanto Domingo : _bPoder Judicial, _c2016. |
||
| 300 |
_a75 p. ; _c22. 5cm. |
||
| 590 | _aInventariado,2018/DG | ||
| 999 |
_c46609 _d46609 |
||